00898 2200205 4500001002100000005001500021035002000036008004100056245002400097100000900121250000600130260003800136300001200174084001400186082000800200650001000208520045000218990001200668990001200680INLIS00000000000131020240521092015 a0010-0524000545240521 1 ind 1 aGangnam Men /cAyra aAyra a1 aYogyakarta :bSheila/ Andi,c2016 a216 hlm a813 AYR g a813 4aFiksi aSebenarnya apa yang terjadi pada Jung Eun Ji? Sanggupkah Kim Jaejoong mengungkapkan peristiwa itu? Bagaimana jika Jung Yunho tahu ayahnya terlibat dalam sebuah skandal? Lalu, mampukah Changmin mengakhiri semuanya tanpa menyeret mereka yang tidak bersalah? Seperti apa pula kisah cinta segitiga Park YooChun dan Kim Junsu dengan seorang gadis Jepang yang bernama Yumiko? Kisah ini bermula dari dusta dan haurskah tetap menjadi sebuah kebohongan.. a0741462 a0741463